000 01247nam a22002177a 4500
999 _c1447
_d1447
003 AR-CdUCM
008 190227b ||||| |||| 00| 0 spa d
040 _aMUNICIPALIDAD PROVINCIAL DEL CUSCO
_cBIBLIOTECA MUNICIPAL DEL CUSCO
082 _a333.184 /
_bF38
100 _aFernanzes Baca, Jorge
_95477
245 _aAgroindustria y Tranacionales en el Perú /
_cFernanzes Baca, Jorge ; Parodi, Zevallos, Carlos; Tumes Torres, Fabián
260 _aLima - Perú:
_bCentro de Estudios y Promocion del Desarrollo ,
_c1982.
300 _a260 paginas.
_c20.5 cm.
505 _aAgroindustria y Complejos Sectoriales, Algunas Preciosiones de orden Conceptual y metodologico -- Formacion de la Proudccion agroindustrial en el Peru: Analisis Historico -- La Internacionalizacion de la Agroindustria: Un Proceso Contradictorio -- Crisis del Agro y Desarrollo de la Agroindustria en los Años 70 -- Concentracion y Presencia del Capital Transnacional en la Etapa Manofactura -- Hacia una Politica Agroindustrial Alternativa...
650 _aAgroindustria.
_95478
650 _aTecnologia Agroindustrial.
_95479
650 _aMetodos Agricolas Industriales.
_95480
700 _aFernanzes Baca, Jorge
_95477
942 _2ddc
_cLIBROS
945 _artm
_d2019-02-27